| 000 | 00576nam a2200193 a 4500 | ||
|---|---|---|---|
| 001 | 1770285652659 | ||
| 003 | YourLibrary | ||
| 005 | 20260205153742.0 | ||
| 008 | 260205s1982##################000#0#eng## | ||
| 020 | _a9780333107287 | ||
| 082 | 0 | 4 |
_a330.159 _bMOG |
| 100 | 1 |
_aKeynes, John Maynard, _eauthor. |
|
| 245 | 1 | 0 | _aThe Collected Writings of John Maynard Keynes: Activities 1931-1939, World crises and policies in Britain and America : |
| 260 | _c1982. | ||
| 300 | _a658 pages | ||
| 650 | 0 | _aEconomics. | |
| 942 | _cENGLISH | ||
| 040 |
_aYourLibrary _beng _cYourLibrary |
||
| 999 |
_c610455 _d610455 |
||